| 000 | 00551nam a2200217 a 4500 | ||
|---|---|---|---|
| 999 |
_c623 _d623 |
||
| 001 | 623 | ||
| 003 | BD-JhCC | ||
| 005 | 20180130111603.0 | ||
| 008 | 171007b us ||||| |||| 00| 0 eng d | ||
| 035 | _a(BD-JhCC) 623 | ||
| 040 |
_aBD-JhCC _dBD-JhCC |
||
| 041 | _aeng | ||
| 082 |
_a808.83 _bWEA |
||
| 100 | _aWeaver, Raymond | ||
| 245 |
_aThe Shorter Novels of Herman Melville / _cRaymond Weaver |
||
| 260 |
_aUnited State : _bFawcett PubLications |
||
| 300 |
_a272 p. : _c18 cm. |
||
| 650 | _aEnglish Fiction | ||
| 942 |
_2ddc _cBK |
||